000 nam a22 4500
999 _c13945
_d13943
003 000
005 20190808135138.0
008 0000
020 _a0000
040 _c0000
082 _aCS
245 _aThe Blessington Method and Other Strange Tales
_cEllin, Stanley
260 _aNew York
_bThe New American Library
_c1966
300 _a18cm
942 _2ddc
_cCIRC